000 00962cam a2200253 i 4500
003 SA-RiAUC
005 20250917125844.0
008 250915s2001 su g 00000 ara c
040 _aSA-RiAUC
_bara
_cSA-RiAUC
_erda
082 0 4 _a252.12
090 _a252.12
_bز هـ ر
100 1 _aالزهراني، عدنان جمعان.
_eمؤلف.
245 1 0 _aنقض الوضوء بمس الفرج /
_cتأليف عدنان بن جمعان الزهراني.
264 1 _aجدة :
_bشركة المدينة المنورة للطباعة والنشر،
_c2001
300 _a111 صفحة ؛
_c21سم
336 _aنص
_btxt
_2rdacontent
_3كتاب
337 _aبدون وسيط
_bn
_2rdamedia
338 _aمجلد
_bnc
_2rdacarrier
650 7 _aالطهارة (فقه إسلامي)
_2aucsh
650 7 _aالوضوء
_2aucsh
650 7 _aالعبادات (فقه إسلامي)
_2aucsh
942 _2ddc
_cBOOK
_n0
949 _aSA-JeALM
_d250915
_umohamedma123
_n1
999 _c11858
_d11858